000 00417nam a22001697a 4500
003 MPLRDC
005 20220104144457.0
008 210129b ||||| |||| 00| 0 eng d
082 _a448.8 JDQ-1 c.2
100 _a江达群编
245 _a无线电实体线路图集
_c
250 _a初版
260 _a
_b香港万里书店
_c1966
300 _b
650 _a无线电工学
942 _cBK
_o448.8 JDQ-1 c.2
999 _c49993
_d49983